000 01076nam a2200229Ia 4500
999 _c40100
_d40100
001 6706
003 GE_BSU
005 20200214114734.0
008 181216s2004||||ge |||||||||||||| ||geo||
040 _cGE_BSU
041 _ageo
080 _a821.353.1(072) გ-44
100 _aგვარამაძე, ნინო
_97070
245 _aშეიცან თავი შენი :
_bდამხმ. სახელმძღვ. მე-6კლასის მოსწ. მშობლ. ლიტ-ში /
_cნინო გვარამაძე, ანა ხუციშვილი ; მხატვ. თამაზ ხუციშვილი.
264 _aთბილისი :
_bწით. ჯვრის საერთ. კომ-ტი,
_c2004.
300 _a66 გვ. ;
_c26 სმ.
541 _h4ლ.
653 _aშეიცან თავი შენი
653 _aდამხმარე სახელმძღვანელო
700 _aხუციშვილი, ანა
_eავტორი
_97071
942 _cBK
_2udc